Якорей не бросать: роман; повесть; Три Ивана; Награде не подлежит

Detalles Bibliográficos
Autor Principal: Соболев А. П. Анатолий Пантелеевич
Outros autores: Курбатов В. (автор предисловия)
Idioma:ruso
Publicado: Москва, Современник, 1986
TOC:Три Ивана; Награде не подлежит;
Series:Новинки "Современника"
Subjects:
Formato: MixedMaterials Libro
KOHA link:https://koha.lib.tpu.ru/cgi-bin/koha/opac-detail.pl?biblionumber=297691

MARC

LEADER 00000nam0a2200000 4500
001 297691
005 20231102001031.0
035 |a (RuTPU)RU\TPU\book\322825 
090 |a 297691 
100 |a 20150610d1986 m y0rusy50 ca 
101 0 |a rus 
102 |a RU 
105 |a c z 001ay 
200 1 |a Якорей не бросать  |e роман  |e повесть  |f А. П. Соболев  |g авт. предисл. В. Курбатов 
210 |a Москва  |c Современник  |d 1986 
215 |a 592 с.  |c портр. 
225 1 |a Новинки "Современника" 
320 |a Вступительная статья: с. 3-15 
464 |t Три Ивана; Награде не подлежит  |o повести 
606 1 |a Русская литература современная  |2 stltpush  |3 (RuTPU)RU\TPU\subj\26373  |9 50316 
610 1 |a художественная литература 
610 1 |a советская литература 
610 1 |a романы 
610 1 |a повести 
610 1 |a море 
610 1 |a моряки 
675 |a Р2  |v 4 
700 1 |a Соболев  |b А. П.  |g Анатолий Пантелеевич 
702 1 |a Курбатов  |b В.  |4 080 
801 1 |a RU  |b 63413507  |c 20150610 
801 2 |a RU  |b 63413507  |c 20210326  |g RCR 
942 |c BK